| 000 | 01093cam a2200325 i 4500 | ||
|---|---|---|---|
| 999 |
_c200423230 _d40118 |
||
| 001 | 200423230 | ||
| 003 | TR-AnTOB | ||
| 005 | 20241016160212.0 | ||
| 007 | ta | ||
| 008 | 151124s2014 tu tu | ||
| 020 | _a9789751626691 | ||
| 040 |
_aTR-AnTOB _beng _erda _cTR-AnTOB |
||
| 041 | 0 | _atur | |
| 050 | 0 | 0 |
_aDS59.A7 _bO94 2014 |
| 090 |
_aDS59.A7 _b.O94 2014 |
||
| 100 | 1 |
_aÖzdemir, Bülent _eauthor _969614 |
|
| 245 | 1 | 0 |
_aSüryanilerin dünü bugünü : _bI.Dünya Savaşı’nda Süryaniler / _cBülent Özdemir. |
| 264 | 1 |
_aAnkara : _bTürk Tarih Kurumu, _c2014. |
|
| 300 |
_a314 pages ; _c25 cm. |
||
| 336 |
_atext _2rdacontent _btxt |
||
| 337 |
_aunmediated _2rdamedia _bn |
||
| 338 |
_afive _2rdacarrier _bnc |
||
| 490 | 0 |
_aTürk Tarih Kurumu Yayınları : _vVII _aDizi-Sayı : _v234 |
|
| 650 | 0 | 0 |
_aJacobites (Syrian Christians) _xHistory _9110150 |
| 650 | 0 | 0 |
_aYakubiler (Suriyeli Hristiyanlar) _xTarih _9110152 |
| 650 | 0 | 0 |
_aJacobites (Syrian Christians) _zTurkey _9110151 |
| 650 | 0 | 0 |
_aYakubiler (Suriyeli Hristiyanlar) _zTürkiye _9110153 |
| 942 |
_cBK _2lcc |
||